000 00580nam a22001937a 4500
005 20250708105730.0
008 250708b |||||||| |||| 00| 0 eng d
020 _a978-0-495-81263-0
050 _aHV 9104 .S54 2011
100 _aSIEGEL, LARRY J.
245 _aJUVENILE DELINQUENCY7: THE CORE
250 _a4
260 _aBELMONT, CA,
_bWADSWORTH/CENGAGE LEARNING
_c2011
300 _aXXI, 457 P.: ILL.
500 _aINCLUDES BIBLIOGRAPHICAL REFERENCES AND INDEX
650 _aJUVENILE DELINQUENCY--UNITED STATES
700 _aWELSH, BRANDON C.
942 _2lcc
_cBK
999 _c215837
_d215837